Central Library OPAC University of Rajshahi

Homestead tree plantation in different agro-ecological zones of Bangladesh / (Record no. 56483)

MARC details
000 -LEADER
fixed length control field 00770nam a2200229 a 4500
001 - CONTROL NUMBER
control field 56483
003 - CONTROL NUMBER IDENTIFIER
rucl marc code BD-RjUL
005 - DATE AND TIME OF LATEST TRANSACTION
control field 20211209080413.0
008 - FIXED-LENGTH DATA ELEMENTS--GENERAL INFORMATION
fixed length control field 161129s1998 b ||||| |||| 00| 0 eng d
020 ## - INTERNATIONAL STANDARD BOOK NUMBER
International Standard Book Number 9845590861
Terms of availability Tk.80.00
035 ## - SYSTEM CONTROL NUMBER
System control number (BD-RjUL)56607)
040 ## - CATALOGING SOURCE
Original cataloging agency BD-RjUL
Language of cataloging eng
Transcribing agency BD-RjUL
Modifying agency BD-RjUL
041 ## - LANGUAGE CODE
Language code of text/sound track or separate title eng
082 ## - DEWEY DECIMAL CLASSIFICATION NUMBER
Edition number 23
Classification number 634.97
Author mark and year BOH 1998
100 ## - MAIN ENTRY--PERSONAL NAME
Personal name Bose, Tapash Ranjan
9 (RLIN) 167827
245 10 - TITLE STATEMENT
Title Homestead tree plantation in different agro-ecological zones of Bangladesh /
Statement of responsibility, etc. Tapash Ranjan Bose; Newaz Ahmed Chowdhury
260 ## - PUBLICATION, DISTRIBUTION, ETC. (IMPRINT)
Place of publication, distribution, etc. Comilla : 1998.
Name of publisher, distributor, etc. Bangladesh Academy for Rural Development,
Date of publication, distribution, etc. 1998.
300 ## - PHYSICAL DESCRIPTION
Pagination 56 p. ;
Size 24 cm.
650 ## - SUBJECT ADDED ENTRY--TOPICAL TERM
Topical term or geographic name as entry element Tree farms -- Bangladesh.
9 (RLIN) 167987
700 ## - ADDED ENTRY--PERSONAL NAME
Personal name Chowdhury, Newaz Ahmed
942 ## - ADDED ENTRY ELEMENTS (KOHA)
Source of classification or shelving scheme Dewey Decimal Classification
Koha item type Books
Holdings
Lost status Source of classification or shelving scheme Damaged status Not for loan Collection code Permanent Location Current Location Shelving location Date acquired Source of acquisition Cost, normal purchase price Total Checkouts Full call number Date last seen Copy number Koha item type
  Dewey Decimal Classification     Non-fiction Central Library, University of Rajshahi Central Library, University of Rajshahi   28/10/2007 Comilla, Ban.poli. union ecademy 80.00   634.97 BOH 1998 29/11/2016 C-2 Books